Personnalités dont le nom commence par la lettre N (par images) - Statistiques

Statistiques générales
  • Ce quiz a été pris 570 fois
  • Le résultat moyen est 9 sur 16
Statistiques - réponses
Par images Réponse % Correct
Rafael Nadal
97%
Neymar
94%
Nagui
93%
Yannick Noah
93%
Pierre Niney
92%
Isabelle Nanty
68%
Chuck Norris
58%
Géraldine Nakache
57%
Samy Naceri
50%
Jack Nicholson
45%
Liam Neeson
38%
Alessandro Nesta
36%
Christopher Nolan
36%
Nicoletta
31%
Edward Norton
27%
Vincent Niclo
25%
Aucun quiz correspondant
Distribution des résultats
% des personnes avec chaque résultat
Percentile par nombre de réponses
Votre historique - résultats
Vous n’avez pas pris ce quiz